| 000 | 00370nam a2200145Ia 4500 | ||
|---|---|---|---|
| 008 | 200103s9999||||xx |||||||||||||| ||und|| | ||
| 020 | _a1870077326, 978-1870077323 | ||
| 040 | _aIMU-MPC | ||
| 082 | _aColumn-1 | ||
| 100 | _aParritt, B.A.H. | ||
| 245 | 0 | _aCrime at Sea: A Practical Guide | |
| 260 |
_bThe Nautical Institute _c1996 |
||
| 300 | _a110 pages | ||
| 942 | _cBK | ||
| 999 |
_c2777 _d2777 |
||